Tableau des médailles olympiques - Séoul 1988 - Statistiques

Statistiques générales
  • Ce quiz a été pris 14 fois
  • Le résultat moyen est 7 sur 10
Statistiques - réponses
Or Argent Bronze Total Pays % Correct
36 31 27 94 États-Unis
100%
5 11 12 28 Chine
93%
37 35 30 102 Allemagne de l’Est
86%
5 10 9 24 Grande-Bretagne
86%
11 14 15 40 Allemagne de l’Ouest
79%
12 10 11 33 Corée du Sud
79%
55 31 46 132 Union soviétique
79%
11 6 6 23 Hongrie
64%
7 11 6 24 Roumanie
43%
10 12 13 35 Bulgarie
29%
Aucun quiz correspondant
Distribution des résultats
% des personnes avec chaque résultat
Percentile par nombre de réponses
Votre historique - résultats
Vous n’avez pas pris ce quiz